The Green Puzzle : (Record no. 9240)
[ view plain ]
| 000 -LEADER | |
|---|---|
| fixed length control field | 00417nam a22001337a 4500 |
| 008 - FIXED-LENGTH DATA ELEMENTS--GENERAL INFORMATION | |
| fixed length control field | 230124b |||||||| |||| 00| 0 eng d |
| 020 ## - INTERNATIONAL STANDARD BOOK NUMBER | |
| International Standard Book Number | 978-8-19541-000-2 |
| 082 ## - DEWEY DECIMAL CLASSIFICATION NUMBER | |
| Classification number | 363.7 RAO |
| 100 ## - MAIN ENTRY--PERSONAL NAME | |
| Personal name | Dr. N. Bhaskara Rao |
| 245 ## - TITLE STATEMENT | |
| Title | The Green Puzzle : |
| Remainder of title | Missing links in India's crusade to sustain environment |
| Statement of responsibility, etc. | N. Bhaskara Rao |
| 260 ## - PUBLICATION, DISTRIBUTION, ETC. | |
| Place of publication, distribution, etc. | Uttar Pradesh, |
| Name of publisher, distributor, etc. | Authorsupfront |
| Date of publication, distribution, etc. | 2021 |
| 300 ## - PHYSICAL DESCRIPTION | |
| Extent | 179 p. |
| Dimensions | 21.9 cm |
| 942 ## - Added entry Elements (Koha) | |
| Source of classification or shelving scheme | Dewey Decimal Classification |
| Withdrawn status | Lost status | Source of classification or shelving scheme | Damaged status | Not for loan | Collection code | Home library | Current library | Shelving location | Date acquired | Serial Enumeration / chronology | Total Checkouts | Full call number | Barcode | Date last seen | Price effective from | Koha item type |
|---|---|---|---|---|---|---|---|---|---|---|---|---|---|---|---|---|
| Dewey Decimal Classification | CE Textbook | RTC Library | RTC Library | CE Textbook | 24/01/2023 | 176717 | 363.7 RAO | 30017847 | 14/04/2023 | 24/01/2023 | CE Textbook |